<?xml version="1.0" encoding="UTF-8"?>
<record
    xmlns:xsi="http://www.w3.org/2001/XMLSchema-instance"
    xsi:schemaLocation="http://www.loc.gov/MARC21/slim http://www.loc.gov/standards/marcxml/schema/MARC21slim.xsd"
    xmlns="http://www.loc.gov/MARC21/slim">

  <leader>01115nam a2200289   4500</leader>
  <controlfield tag="001">177435</controlfield>
  <controlfield tag="003">ES-MaACL</controlfield>
  <controlfield tag="005">20250828063301.0</controlfield>
  <controlfield tag="008">110322s2009    sp acop      |||| |bspa d</controlfield>
  <datafield tag="017" ind1=" " ind2=" ">
    <subfield code="a">S-672-2009</subfield>
  </datafield>
  <datafield tag="020" ind1=" " ind2=" ">
    <subfield code="a">978-84-7812-724-5</subfield>
  </datafield>
  <datafield tag="080" ind1=" " ind2=" ">
    <subfield code="a">74 Santa Cruz, Francisco (083.824)</subfield>
  </datafield>
  <datafield tag="080" ind1=" " ind2=" ">
    <subfield code="a">75 Santa Cruz, Francisco (083.824)</subfield>
  </datafield>
  <datafield tag="100" ind1="1" ind2=" ">
    <subfield code="a">Santa Cruz, Francisco, </subfield>
    <subfield code="d">1899-1957</subfield>
    <subfield code="9">157022</subfield>
  </datafield>
  <datafield tag="245" ind1="1" ind2="0">
    <subfield code="a">Francisco Santa Cruz (1899-1957) </subfield>
    <subfield code="b">: la vanguardia oculta : mayo-octubre 2009 : [Museo de Arte Contempor&#xE1;neo de Madrid].</subfield>
  </datafield>
  <datafield tag="246" ind1="3" ind2="4">
    <subfield code="a">Santa Cruz</subfield>
  </datafield>
  <datafield tag="260" ind1=" " ind2=" ">
    <subfield code="a">Madrid : </subfield>
    <subfield code="b">Ayuntamiento de Madrid, </subfield>
    <subfield code="c">[2009]</subfield>
  </datafield>
  <datafield tag="300" ind1=" " ind2=" ">
    <subfield code="a">157 p. : </subfield>
    <subfield code="b">il. col. y n., fot. ; </subfield>
    <subfield code="c">24 cm.</subfield>
  </datafield>
  <datafield tag="500" ind1=" " ind2=" ">
    <subfield code="a">Cronolog&#xED;a.</subfield>
  </datafield>
  <datafield tag="600" ind1="1" ind2="7">
    <subfield code="a">Santa Cruz, Francisco, </subfield>
    <subfield code="d">1899-1857- </subfield>
    <subfield code="v">Exposiciones</subfield>
    <subfield code="2"></subfield>
    <subfield code="9">145811</subfield>
  </datafield>
  <datafield tag="655" ind1=" " ind2="7">
    <subfield code="2">tgfbne</subfield>
    <subfield code="9">193628</subfield>
    <subfield code="a">Cat&#xE1;logos de exposiciones</subfield>
  </datafield>
  <datafield tag="710" ind1="2" ind2=" ">
    <subfield code="a">Museo de Arte Contempor&#xE1;neo (Madrid)</subfield>
    <subfield code="9">5891</subfield>
  </datafield>
  <datafield tag="852" ind1=" " ind2=" ">
    <subfield code="a">ES-MaACL</subfield>
    <subfield code="9"> 184254</subfield>
    <subfield code="b">R.145518</subfield>
    <subfield code="j">A-11065</subfield>
    <subfield code="d">Olim:N-4070 </subfield>
    <subfield code="c">DEPO1</subfield>
    <subfield code="x">Donaci&#xF3;n: Editorial</subfield>
  </datafield>
  <datafield tag="942" ind1=" " ind2=" ">
    <subfield code="2">udc</subfield>
    <subfield code="c">MONOGRAFIA</subfield>
  </datafield>
  <datafield tag="999" ind1=" " ind2=" ">
    <subfield code="c">177435</subfield>
    <subfield code="d">177435</subfield>
  </datafield>
  <datafield tag="952" ind1=" " ind2=" ">
    <subfield code="0">0</subfield>
    <subfield code="1">0</subfield>
    <subfield code="2">udc</subfield>
    <subfield code="4">0</subfield>
    <subfield code="7">0</subfield>
    <subfield code="a">ATENEOM</subfield>
    <subfield code="b">ATENEOM</subfield>
    <subfield code="c">DEPO1</subfield>
    <subfield code="d">2011-03-22</subfield>
    <subfield code="e">DONACION</subfield>
    <subfield code="l">0</subfield>
    <subfield code="o">A-11065</subfield>
    <subfield code="p">1186359</subfield>
    <subfield code="r">2023-02-23 00:00:00</subfield>
    <subfield code="w">2023-02-23</subfield>
    <subfield code="y">MONOGRAFIA</subfield>
  </datafield>
</record>
